000 00601nam a2200241Ia 4500
003 OSt
005 20220918222009.0
006 a|||||r|||| 00| 0
007 ta
008 220917b |||||||| |||| 00| 0 eng d
024 _a214,220
037 _cTextual
040 _aARTS
_cARTS
_beng
041 _2eng
_aeng
082 _aN, N2-;1
100 _aSubramanyan K. G.
_9141929
245 0 _aCreative circuit
260 _aCalcutta
_bSeagull books
_c1992
300 _a105 p
_ccm.
650 _aARTS
942 _hN, N2-;1
_cTEXL
_2CC
999 _c274245
_d274245